Same Name Songs and Movies Quiz Stats

 Plays Quiz Updated Feb 3, 2019

Support Sporcle.
Go Orange.
Score 0/51 Timer 15:00
0 Plays Today
Stars and year Song/Movie Title % Correct
Jason Biggs, Chris Klein (1999)American Pie
68.3%
Leonardo DiCaprio, Tom Hanks (2002)Catch Me If You Can
55.4%
Will Smith, Martin Lawrence (1995)Bad Boys
54.7%
Robert Downey, Jr., Jeff Bridges (2008)Iron Man
47.7%
Evan Rachel Wood, Jim Sturgess (2007)Across the Universe
44.7%
Audrey Hepburn, George Peppard (1961)Breakfast at Tiffany's
43.8%
Mickey Rourke, Marisa Tomei (2008)The Wrestler
37.1%
Anna Chlumsky, Macauley Culkin (1991)My Girl
34.4%
Wil Wheaton, River Phoenix (1986)Stand By Me
32.6%
Sean Penn, James Franco (2008)Milk
32.4%
Antonio Banderas, Salma Hayek (1995)Desperado
32.3%
Denzel Washington, Russell Crowe (2007)American Gangster
31.1%
The Beatles, Wilfrid Brambell (1964)A Hard Day's Night
29.3%
Sam Neill, Laura Dern (1993)Jurassic Park
27.7%
Steve Martin, Darryl Hannah (1987)Roxanne
27.4%
The Beatles, Victor Spinetti (1965)Help!
27.4%
Natalie Portman, Julia Roberts (2004)Closer
26.8%
Sarah Jessica Parker, Helen Hunt (1985)Girls Just Want to Have Fun
26.1%
Matthew McConaughey, Jason London (1993)Dazed and Confused
21.8%
Patrick Dempsey, Amanda Peterson (1987)Can't Buy Me Love
21.5%
Jim Carrey, Courtney Love (1999)Man on the Moon
21.4%
Whoopi Goldberg, Stephen Collins (1986)Jumpin' Jack Flash
19.7%
James Stewart, Kim Novak (1958)Vertigo
18.8%
Mark Wahlberg, Jennifer Aniston (2001)Rock Star
18.4%
Ethan Hawke, Vincent Spano (1993)Alive
16.9%
Boris Karloff, Colin Clive (1931)Frankenstein
16.5%
Stars and year Song/Movie Title % Correct
Julia Roberts, Dennis Quaid (1995)Something to Talk About
15.7%
voices of Robby Benson, Paige O'Hara (1991)Beauty and the Beast
15.1%
Peter Frampton, The Bee Gees (1978)Sgt. Pepper's Lonely Hearts Club Band
14.7%
Sarah Polley, Katie Holmes (1999)Go
14.2%
Glen Harnsard, Marketa Irglova (2006)Once
13.3%
Holly Hunter, Evan Rachel Wood (2003)Thirteen
13.2%
Jeff Bridges, Karen Allen (1984)Starman
12.9%
Sharon Stone, William Baldwin (1993)Sliver
12.3%
Daniel Day-Lewis, Emily Watson (1997)The Boxer
11.7%
Kevin Bacon, Elisabeth Shue (2000)Hollow Man
10.6%
Martin Sheen, Sissy Spacek (1973)Badlands
10.1%
Burt Lancaster, Susan Sarandon (1980)Atlantic City
9.7%
Jane Fonda, Vanessa Redgrave (1977)Julia
8%
Peter Finch, Glenda Jackson (1971)Sunday Bloody Sunday
7.6%
Robert Mitchum, Gene Barry (1958)Thunder Road
7.4%
Edward Burns, Cameron Diaz (1996)She's the One
7.2%
Mark Wahlberg, Greg Kinnear (2006)Invincible
5.8%
Vincent Price, David Hedison (1958)The Fly
5.5%
Cary Grant, Katharine Hepburn (1938)Holiday
4.9%
Jake Gyllenhaal, Dustin Hoffman (2002)Moonlight Mile
4.5%
Paul Newman, Eva Marie Saint (1960)Exodus
4.3%
Roger Daltrey, Ringo Starr (1975)Lisztomania
3%
Michael J. Fox, Gena Rowlands (1987)Light of Day
2.8%
Edmond O'Brien, Pamela Britton (1950)D.O.A.
2.4%
Lillian Gish, Lars Hanson (1928)The Wind
1.2%

From the Vault

Find Five 'H' Things

by eyes355

Hesitance will not help you here.
Remove Ads.
Support Sporcle.
Get the best of Sporcle when you Go Orange. This ad-free experience offers more features, more stats, and more fun while also helping to support Sporcle. Thank you for becoming a member.

Show Comments

Extras

Top Quizzes Today


Score Distribution

Your Account Isn't Verified!

In order to create a playlist on Sporcle, you need to verify the email address you used during registration. Go to your Sporcle Settings to finish the process.

Report this User

Report this user for behavior that violates our Community Guidelines.

Details: